Statistics for Philadelphia 76ers NBA Champions

Click here to take the quiz!

General Stats

  • This quiz has been taken 39 times
  • The average score is 11 of 33

Answer Stats

TitlesPlayer% Correct
1Julius Erving
97%
1Moses Malone
85%
1Wilt Chamberlain
85%
1Bobby Jones
76%
1Maurice Cheeks
76%
1Wali Jones
76%
1Dolph Schayes
67%
1Billy Cunningham
61%
1Hal Greer
61%
1Clemon Johnson
42%
1Reggie Johnson
42%
1Andrew Toney
39%
1Larry Costello
39%
1Red Kerr
39%
1Luke Jackson
36%
1Marc Iavaroni
24%
1Chet Walker
21%
1Clint Richardson
12%
1Paul Seymour
12%
1Earl Cureton
9%
1George King
9%
1Red Rocha
9%
1Earl Lloyd
6%
1Franklin Edwards
6%
1Bill Melchionni
3%
1Billy Kenville
3%
1Bob Weiss
3%
1Dave Gambee
3%
1Jim Tucker
3%
1Mark McNamara
3%
1Matt Guokas
3%
1Dick Farley
0%
1Wally Osterkorn
0%

Score Distribution

Percentile by Number Answered

Percent of People with Each Score

Your Score History

You have not taken this quiz